000 004840000a22001690004500
003 MACL
005 20160228150651.0
008 160228b xxu||||| |||| 00| 0 eng d
040 _aMACL
_cMACL
041 _aHindi
082 _a891.431
100 _aश्रीसियारामशरण गुप्‍त
_941299
245 _aबापू
260 _bसाहित्‍य सदन
_c2011
_aचिरगॉव
650 _aPoetry
_941300
942 _cHIN
_k891.431
_2ddc
999 _c23077
_d23077